Do green belts change the shape of urban areas? A preliminary analysis of the settlement geography of South East England (Record no. 37636)
[ view plain ]
| 000 -LEADER | |
|---|---|
| fixed length control field | 01107cab a2200253 4500 |
| 001 - CONTROL NUMBER | |
| control field | ABS47114 |
| 008 - FIXED-LENGTH DATA ELEMENTS--GENERAL INFORMATION | |
| fixed length control field | 090401t1992 xxu||||| |||| 00| 0 eng d |
| 035 ## - SYSTEM CONTROL NUMBER | |
| System control number | (Sirsi) u60870 |
| 041 ## - LANGUAGE CODE | |
| Language code of text/sound track or separate title | eng |
| 100 ## - MAIN ENTRY--PERSONAL NAME | |
| Personal name | Longley, P. |
| 245 ## - TITLE STATEMENT | |
| Title | Do green belts change the shape of urban areas? A preliminary analysis of the settlement geography of South East England |
| 260 ## - PUBLICATION, DISTRIBUTION, ETC. | |
| Date of publication, distribution, etc. | 1992 |
| 350 ## - PRICE (NR) (BK AM CF MU VM SE) [OBSOLETE] | |
| Price | 0 |
| 490 ## - SERIES STATEMENT | |
| Series statement | Regional Studies |
| Volume/sequential designation | 26(5) 1992, 437-452(16) |
| 520 ## - SUMMARY, ETC. | |
| Summary, etc. | Explores the settlement geography of South East England, with specific reference to the effect that the green belt has had upon the shape and size of towns comprising this region. Argues that the green belt is likely to have a significant effect on the geometry of settlement, distorting the geometry from the urban forms which might have arisen in the absence of such policy. (References) (Based on journal abstract) |
| 650 ## - SUBJECT ADDED ENTRY--TOPICAL TERM | |
| Topical term or geographic name entry element | GREEN BELT |
| 650 ## - SUBJECT ADDED ENTRY--TOPICAL TERM | |
| Topical term or geographic name entry element | SOUTH-EAST ENGLAND |
| 690 ## - LOCAL SUBJECT ADDED ENTRY--TOPICAL TERM (OCLC, RLIN) | |
| Topical term or geographic name as entry element | PLANNING LAW AND PRACTICE |
| 700 ## - ADDED ENTRY--PERSONAL NAME | |
| Personal name | Batty, M. |
| 700 ## - ADDED ENTRY--PERSONAL NAME | |
| Personal name | Shepherd, J. |
| 700 ## - ADDED ENTRY--PERSONAL NAME | |
| Personal name | Sadler, G. |
| 942 ## - ADDED ENTRY ELEMENTS (KOHA) | |
| Suppress in OPAC | 0 |
| 948 ## - LOCAL PROCESSING INFORMATION (OCLC); SERIES PART DESIGNATOR (RLIN) | |
| c (OCLC) | 04/03/1997 |
| Withdrawn status | Lost status | Source of classification or shelving scheme | Damaged status | Not for loan | Home library | Current library | Shelving location | Date acquired | Total Checkouts | Full call number | Barcode | Date last seen | Copy number | Price effective from | Koha item type |
|---|---|---|---|---|---|---|---|---|---|---|---|---|---|---|---|
| Dewey Decimal Classification | London | London | Journal article | 14/09/1999 | ABS47114 | 60870-1001 | 06/08/2019 | 1 | 06/08/2019 | Journal article |